00863nam a2200217 i 450000100060000000300090000600500170001500700030003200800410003524501360007626000370021230000560024960000550030565000440036065500480040471000240045285200220047694200080049899900170050695201220052395871ES-MaACL20250816085425.0t|050606s1971 xxk ||||1| eng d14aThe Alistair Mcalpine gift : b[catalogue of an exhibition held at] the Tate Gallery, 30 June-22 August 1971 / cAlistair Mcalpine. aLondon : bTate Gallery, c1971. a136 p., 24 lám. col. y n. : bil. ; c21 x 21 cm.14aMacalpine, Alistair-xColecciones de arte.9173559 0aEscultura-yS.XX-vExposiciones9185010 72tgfbne9193628aCatálogos de exposiciones2 aTate Gallery.96912 aES-MaACLjC-41947 2udc c95871d95871 00104070aATENEOMbATENEOMcDEPO2d2008-01-17eSCl0oC-41947p1100104r2023-02-23 00:00:00w2023-02-23yMONOGRAFIA